Les Royaumes de Feu - Tous les Personnages - Statistics

General Stats
  • This quiz has been taken 66 times
  • The average score is 76 of 368
Answer Stats
Clan Nom % Correct
Aile de Boue Argil
76%
Aile de Pluie Gloria
71%
Aile du Ciel Scarlet
71%
Aile de Mer Tsunami
71%
Aile du Ciel Aigle
65%
Aile de Sable/Aile de Nuit (Avec du sang d'Aile de Glace) Sunny
65%
Aile de Sable Addax
59%
Aile de Sable Agave
59%
Aile de Boue Aigrette
59%
Aile de Sable Fièvre
59%
Aile de Sable Flamme
59%
Aile de Sable Fournaise
59%
Aile de Glace Winter
59%
Aile de Mer Anémone
53%
Aile de Nuit Comète
53%
Aile de Mer Corail
53%
Aile du Ciel Péril
53%
Aile du Ciel Ruby
53%
Aile de Soie Aglia
47%
Aile de Pluie Ananas
47%
Aile de Glace Avalanche
47%
Aile du Ciel Crécerelle
47%
Aile de Sable Épine
47%
Aile de Glace Glaciale
47%
Aile de Boue Jonc
47%
Aile de Pluie Kinkajou
47%
Aile de Boue Mareca
47%
Aile de Sable Dune
41%
Aile du Ciel Incendiaire
41%
Aile de Sable Jerboa
41%
Aile de Sable Jerboa II
41%
Aile de Sable Jerboa III
41%
Aile de Nuit Lune Claire
41%
Aile de Mer Naufrage
41%
Aile de Mer Palm
41%
Aile de Nuit/Aile de Glace Spectral
41%
Aile du Ciel Tourmaline
41%
Aile de Mer Triton
41%
Aile de Glace Alba
35%
Aile de Sable Autruche
35%
Aile de Soie Blue
35%
Aile de Mer Brankio
35%
Aile de Mer Frégate
35%
Aile de Glace Frimaire
35%
Aile du Ciel Garance
35%
Aile de Boue Glaise
35%
Aile de Pluie Jambu
35%
Aile de Nuit Loracle
35%
Aile de Mer Perle
35%
Aile de Mer Albatros
29%
Aile du Ciel Balbuzard
29%
Aile de Soie Bombyx
29%
Aile de Sable Brasier
29%
Aile de Glace Caribou
29%
Aile du Ciel Céleste
29%
Aile de Guêpe Criquette
29%
Aile de Glace Cristal
29%
Aile de Guêpe Dame Bourdon
29%
Aile de Guêpe Dame Larve
29%
Aile de Guêpe Dame Luciole
29%
Aile de Guêpe Dame Scarabée
29%
Aile de Feuille Droséra
29%
Aile de Guêpe Frelonne
29%
Aile de Boue Grès
29%
Aile de Glace Grésil
29%
Aile de Nuit Griffe-Céleste
29%
Aile de Boue Grue
29%
Aile de Glace Hermine
29%
Aile de Mer Jacuzzi
29%
Pas de clan spécifique Liberté
29%
Aile de Glace Lynx
29%
Aile de Sable Oasis
29%
Aile de Sable Onyx
29%
Aile de Sable Qibli
29%
Aile de Pluie Vanille
29%
Aile du Ciel Vermillon
29%
Aile de Feuille Zelkova
29%
Aile de Sable Aiguille
24%
Aile de Boue Ajonc
24%
Aile de Pluie Anaconda
24%
Aile de Mer Anguille
24%
Aile de Sable Antilope
24%
Aile de Soie Belladone
24%
Aile de Guêpe Bourdonne
24%
Aile du Ciel Bourrasque
24%
Aile de Mer Bulot
24%
Aile du Ciel Carmina
24%
Aile de Pluie Charmant
24%
Aile de Pluie Chauve-Fruit
24%
Aile du Ciel Cinnabar
24%
Aile de Mer Clairevie
24%
Aile de Nuit Clairevue
24%
Aile de Guêpe Dame Cigale
24%
Aile de Guêpe Dame Tsé-Tsé
24%
Aile de Glace Diamant
24%
Aile de Nuit/Aile de Nymphe Écaille
24%
Aile de Nuit | Aile de Nuit/Aile de Glace Éclipse
24%
Aile de Boue Esterre
24%
Aile du Ciel Faucon
24%
Aile de Glace Fjord
24%
Aile du Ciel Fuego
24%
Aile de Pluie Grandeur
24%
Aile de Mer Hareng
24%
Aile de Mer Lagune
24%
Aile de Nuit Lassassin
24%
Aile de Pluie Magnifique
24%
Aile de Soie Monarch
24%
Aile de Mer Nautilus
24%
Aile de Feuille Noisette
24%
Aile de Pluie Noix-de-Coco
24%
Aile de Glace Opale
24%
Aile de Nuit/Aile de Nymphe Orange
24%
Aile de Mer Orca
24%
Aile de Mer Percevagues
24%
Aile de Mer Poulpe
24%
Aile de Mer Requin
24%
Aile de Nuit (Avec du sang d'Aile de Glace) Rocheux
24%
Aile de Boue Roseau
24%
Aile de Feuille Saule
24%
Aile de Soie Selena
24%
Aile de Feuille Séquoia
24%
Aile du Ciel Sunset
24%
Aile de Pluie Viva
24%
Aile de Mer Algue
18%
Aile de Glace Arctique
18%
Aile de Sable Aride
18%
Aile de Sable Armadillo
18%
Aile de Soie Atala
18%
Aile de Feuille Aubépin
18%
Inconnu Aulne
18%
Aile de Soie Azurée
18%
Aile de Pluie Banane
18%
Aile du Ciel Beryl
18%
Aile de Pluie Boto
18%
Aile de Mer Brochet
18%
Aile de Pluie Caméléon
18%
Aile du Ciel Canyon
18%
Aile de Boue Cendra
18%
Aile de Sable Cereus
18%
Aile de Glace Changbai
18%
Aile de Soie Cinabre
18%
Aile de Glace Cirrus
18%
Aile de Sable Cobra
18%
Aile de Nuit/Aile de Nymphe Commodore
18%
Aile de Nuit Conquérante
18%
Aile de Pluie Crapaud
18%
Aile de Boue Crapaud-Taureau
18%
Aile de Mer Cyan
18%
Aile de Guêpe Dame Mante
18%
Aile de Feuille Darlingtonia
18%
Aile de Nuit Destiny
18%
Aile de Pluie Exquise
18%
Aile du Ciel Falaise
18%
Aile de Sable | Inconnu (Pantala) Fauve
18%
Aile de Nuit (Avec du sang d'Aile de Glace) Finegriffe
18%
Aile de Glace Floconne
18%
Aile de Mer Goutelette
18%
Aile du Ciel Grenat
18%
Aile de Soie Grisou
18%
Aile du Ciel Grive
18%
Aile du Ciel Horizon
18%
Aile de Glace Isatis
18%
Aile de Nuit/Aile de Nymphe Jewel
18%
Aile de Guêpe Lady Hornet
18%
Aile de Guêpe Lady Vinegaroon
18%
Aile de Nuit Lagriffe
18%
Aile de Nuit Legénie
18%
Aile de Feuille Mandragore
18%
Aile de Pluie Mangrove
18%
Aile de Nuit Mastoc
18%
Aile de Nuit Mordante
18%
Aile de Boue Mouche
18%
Aile du Ciel/Autre clan inconnu Mulberry
18%
Aile de Mer Murène
18%
Aile de Boue Ocre
18%
Aile de Mer Octopus
18%
Aile de Pluie Orang-Outan
18%
Aile de Feuille Ortie
18%
Aile de Mer Oursin
18%
Aile de Nuit/Aile de Pluie Pacifique
18%
Aile de Nuit Prédateur
18%
Aile du Ciel Pyrite
18%
Aile de Nymphe Rayon-de-Soleil
18%
Aile de Guêpe Scarabelle
18%
Aile de Sable Scorpionne
18%
Aile de Nuit Secrète
18%
Aile de Boue Sepia
18%
Aile de Pluie Siamang
18%
Aile de Sable Sirocco
18%
Aile de Sable Sonnette
18%
Aile de Nuit Télépathe
18%
Aile de Feuille Tue-Loup
18%
Aile de Sable Vautour
18%
Aile de Nuit Vigilante
18%
Aile de Soie Amiral
12%
Aile de Soie Argus
12%
Aile de Mer Baraccuda
12%
Aile de Boue Bayou
12%
Aile de Soie Blanco
12%
Aile de Guêpe Bombardier
12%
Aile de Nuit Bonne-Aventure
12%
Aile de Boue Bourbier
12%
Aile de Guêpe Bousier
12%
Aile de Pluie Bromelia
12%
Aile de Sable Brûloir
12%
Aile de Feuille Bryone
12%
Aile de Sable Bûcher
12%
Aile du Ciel Buse
12%
Aile de Feuille Byblis
12%
Aile de Mer Cachalot
12%
Aile de Sable Cactée
12%
Aile de Soie Cadelle
12%
Aile de Boue | Aile de Sable Capybara
12%
Aile du Ciel Cardinal
12%
Aile de Mer Cauri
12%
Aile de Sable Chameau
12%
Aile de Guêpe Charançon
12%
Aile de Sable Charbon
12%
Aile de Nuit (Avec du sang d'Aile de Glace) Chasseuse-d'Ombres
12%
Aile de Guêpe Chenille
12%
Aile de Guêpe Chrysomèle
12%
Aile de Soie Clorinde
12%
Aile de Guêpe Cochenille
12%
Aile de Guêpe Coléoptère
12%
Aile de Boue Couleuvre
12%
Aile de Mer Courant
12%
Aile du Ciel Courant-d'Air
12%
Aile de Boue Crocodile
12%
Aile de Boue Crotale
12%
Aile de Soie Danaïde
12%
Aile de Sable Datte
12%
Aile de Soie Demi-Deuil
12%
Aile de Nuit Discrétion
12%
Aile de Pluie Éclat
12%
Aile de Glace Engelure
12%
Aile de Feuille Érable
12%
Aile de Nuit Espérance
12%
Aile de Sable Flambeau
12%
Aile de Sable Flammèche
12%
Aile de Mer Flétan
12%
Aile de Nuit Fortaile
12%
Aile de Nuit Foudroyante
12%
Aile de Nuit Fumeux
12%
Aile de Boue Gavial
12%
Aile de Guêpe Gendarme
12%
Aile de Pluie Gibbon
12%
Aile de Nuit Grand-Sage
12%
Aile de Guêpe Grince-Pince
12%
Aile de Soie Griset
12%
Aile de Pluie Heliconia
12%
Aile de Boue Ibis
12%
Aile de Mer Indigo
12%
Aile de Soie Io
12%
Aile de Glace Ivoire
12%
Aile de Pluie Jacaranda
12%
Aile du Ciel Jasper
12%
Aile de Nuit Lattentive
12%
Aile de Nuit Ledestructeur
12%
Aile de Nuit Leguérisseur
12%
Aile de Nuit Lemédium
12%
Aile de Nuit Lesage
12%
Aile de Nuit Letueur
12%
Aile de Pluie Liana
12%
Aile de Guêpe | Aile de Pluie/Aile de Nuit Libellule
12%
Aile de Guêpe Limace
12%
Aile de Soie Liparis
12%
Aile de Pluie Loris
12%
Aile de Soie Machaon
12%
Aile de Guêpe Malachite
12%
Aile de Pluie Mangue
12%
Aile de Mer Manta
12%
Aile de Boue Marécage
12%
Aile de Nuit Massacre
12%
Aile de Nuit Météore
12%
Aile de Nuit Milleformes
12%
Aile de Soie Moiré
12%
Aile de Soie Morpho
12%
Aile de Nuit Mortgriffe
12%
Aile de Guêpe Moucheronne
12%
Aile de Boue Musaraigne
12%
Aile de Soie Myrtil
12%
Aile de Mer Nageoire
12%
Aile de Glace Narval
12%
Aile de Nuit (Avec du sang d'Aile de Glace) Nova
12%
Aile de Nuit Obscur
12%
Aile de Sable Ocotillo
12%
Aile de Feuille Odollam
12%
Aile de Boue Olive
12%
Aile de Boue Opossum
12%
Aile de Nuit Orchestral
12%
Aile de Pluie Orchidée
12%
Aile de Glace Ours Polaire
12%
Aile de Nuit Pensif
12%
Aile de Guêpe Perce-Oreille
12%
Aile de Glace Permafrost
12%
Aile de Nymphe (Avec du sang d'Aile de Nuit) Petite-Tortue
12%
Aile de Mer Pétoncle
12%
Aile de Boue Phacochère
12%
Aile de Soie Piéride
12%
Aile de Soie Pimprenelle
12%
Aile de Glace Pingouin
12%
Aile de Mer Piranha
12%
Aile de Soie Planeur
12%
Aile de Nuit Prescience
12%
Aile de Nuit Prophétesse
12%
Aile de Pluie Pythonne
12%
Aile de Mer Quai
12%
Aile de Boue Salamandre
12%
Aile de Sable Six-Griffes
12%
Aile de Nuit Somptueuse
12%
Aile de Pluie Splendeur
12%
Aile de Feuille Sumac
12%
Aile de Nuit Téméraire
12%
Aile de Sable Tempête
12%
Aile de Mer Tornade
12%
Aile de Pluie Tualang
12%
Aile de Mer/Aile de Glace Typhon
12%
Aile de Sable Vipère
12%
Aile de Nuit Voyante
12%
Aile de Guêpe Grillone
6%
Aile de Guêpe La Bibliothécaire
6%
Aile de Mer Rascasse
6%
Aile de Mer Récif
6%
Aile de Mer Ressac
6%
Aile de Feuille Ricin
6%
Aile de Sable Saguaro
6%
Aile de Sable Sahara
6%
Aile de Mer Saphir
6%
Aile de Mer Sardine
6%
Aile de Guêpe Sautereau
6%
Aile de Soie Silverine
6%
Aile de Mer Sole
6%
Aile de Mer Splash
6%
Aile de Sable Suricate
6%
Aile de Pluie Tapir
6%
Aile de Soie Temora
6%
Aile de Soie Thaïs
6%
Aile de Feuille Tilleul
6%
Aile de Mer Tortue
6%
Aile de Glace Toundra
6%
Aile de Boue Tourbe
6%
Aile de Sable Toussec
6%
Aile de Soie Tussack
6%
Aile de Nuit Vengeur
6%
Aile de Nuit Véritas
6%
Aile de Guêpe Verluisante
6%
Aile de Nuit Vision
6%
Aile de Nuit Vivailes
6%
Aile du Ciel Vol
6%
Aile de Soie Xenica
6%
Aile de Nuit Prudence
0%
No matching quizzes found
Score Distribution
Percent of People with Each Score
Percentile by Number Answered
Your Score History
You have not taken this quiz